Every City That’s Ever Been Third Largest in the US - Statistics

General Stats
  • This quiz has been taken 22 times
  • The average score is 6 of 6
Answer Stats
Years City % Correct
1790–1800 Boston
100%
1840-1860 Boston
100%
1970–2026 Chicago
100%
1860-1950 Philadelphia
100%
1950-1970 Los Angeles
90%
1800–1840 Baltimore
70%
No matching quizzes found
Score Distribution
Percent of People with Each Score
Percentile by Number Answered
Your Score History
You have not taken this quiz